000 03193nam0a2200409 4500
001 RU\NLR\BIBL_A\010956712
005 20260408070339.0
010 _a978-5-8493-0234-8
_91000
021 _aRU
_b2015-101893
_96349
035 _a(NILC)RuMoRGB-008111078
035 _a(NLR Aleph) 010956712
090 _a10790769
_c10790769
100 _a20160125d2013 |||y0rusy50 ca
101 0 _arus
102 _aRU
105 _ac|||j|||000yy
200 1 _aЛексикография русского языка
_eучебник для высших учебных заведений Российской Федерации
_eк использованию в образовательных учреждениях, реализующих образовательные программы высшего профессионального образования по направлению подготовки 032700 "Филология" по дисциплине "Современный русский язык. Лексикология. Фразеология. Лексикография"
_f[О.В. Васильева, к.филол.н., Е.В. Генералова, к.филол.н., А.С. Герд, д.филол.н. и др.]
_gпод ред. проф. Д. М. Поцепни
_gМ-во образования и науки Российской Федерации, Санкт-Петербургский гос. ун-т, ФГАУ "Федеральный ин-т развития образования"
210 _aСанкт-Петербург
_cФилологический факультет Санкт-Петербургского государственного университета
_d2013
215 _a703, [1] с.
_cпортр.
_d22
225 1 _aУчебно-методический комплекс по курсу "Лексикография русского языка"
225 1 _aРусский мир: учебники для высшей школы
300 _aАвт. указаны на обороте тит. л.
320 _aБиблиогр. в конце гл. и в подстроч. примеч.
606 1 _aРусский язык
_jУчебники для высших учебных заведений
_xЛексикография
_91533951
_3RU\NLR\AUTH\66969533
686 1 _aШ141.12-923-4
701 1 _8rus
_7ca
_aВасильева
_bО. В.
_cканд. филол. наук, диалектология
_f1969-
_gОльга Владимировна
_3RU\NLR\AUTH\7737139
_920128
701 1 _aГенералова
_bЕ. В.
_gЕлена Владимировна
701 1 _8rus
_7ca
_aГерд
_bА. С.
_f1936-2016
_gАлександр Сергеевич
_3RU\NLR\AUTH\778118
_9118036
702 1 _aПоцепня
_bД. М.
_gДина Михайловна
712 0 2 _4570
_aСанкт-Петербургский государственный университет
_3RU\NLR\AUTH\8810043151
_9585805
801 0 _aRU
_bРГБ
_c20160112
_gRCR
801 2 _aRU
_bРГБ
_c20160113
_grcr
942 _cBOOK
980 _aNBR
980 _aNB